[Event "La Pobla de Lillet op-A"]
[Site "La Pobla de Lillet"]
[Date "2022.08.02"]
[Round "1"]
[White "Creixans Comerma, Pol"]
[Black "Dudognon, Thibault"]
[Result "0-1"]
[WhiteElo "1977"]
[BlackElo "2346"]
[PlyCount "78"]
[EventDate "2022.08.02"]
[EventType "swiss"]
[EventRounds "9"]
[EventCountry "ESP"]
[SourceTitle "CBM 209 Extra"]
[Source "ChessBase"]
[SourceDate "2022.09.30"]
[SourceVersion "1"]
[SourceVersionDate "2022.09.30"]
[SourceQuality "1"]

1. e4 c5 2. b3 Nc6 3. Bb2 e5 4. Bc4 Nf6 5. d3 d6 6. Ne2 a6 7. a4 d5 8. exd5 Nxd5 9. 0-0 Be7 10. f4 Ne3 11. Qc1 Nxf1 12. fxe5 Nxh2 13. Qf4 0-0 14. Kxh2 Rb8 15. Na3 Bg5 16. Qe4 Qe7 17. Ng3 Be6 18. Rf1 Rbd8 19. Nf5 Bxf5 20. Rxf5 Nd4 21. Rf1 Rde8 22. c3 Ne6 23. d4 Bh6 24. Nc2 Qg5 25. Ba3 b6 26. a5 b5 27. Bd3 g6 28. Be2 Qd8 29. Rd1 Bf4+ 30. Kg1 Qh4 31. Bf3 Ng5 32. Qc6 Rc8 33. Qb7 Rb8 34. Qc6 Rfc8 35. Qd5 Rd8 36. Qc6 cxd4 37. Rxd4 Nxf3+ 38. Qxf3 Rxd4 39. Nxd4 Qe1+ 0-1

[Event "ESP-ch U16"]
[Site "Salobrena"]
[Date "2021.07.24"]
[Round "9"]
[White "Creixans Comerma, Pol"]
[Black "Garcia Gil, Oriol"]
[Result "1-0"]
[WhiteElo "1927"]
[BlackElo "1760"]
[PlyCount "71"]
[EventDate "2021.07.19"]
[EventType "swiss"]
[EventRounds "9"]
[EventCountry "ESP"]
[SourceTitle "EXT 2022"]
[Source "ChessBase"]
[SourceDate "2021.10.06"]
[SourceVersion "1"]
[SourceVersionDate "2021.10.06"]
[SourceQuality "1"]

1. d4 Nf6 2. c4 g6 3. Nc3 Bg7 4. e4 d6 5. h3 0-0 6. Be3 c5 7. d5 e6 8. Bd3 exd5 9. cxd5 Re8 10. Nf3 Nxe4 11. Nxe4 f5 12. Nxc5 dxc5 13. 0-0 Bxb2 14. Rb1 Bf6 15. Bxc5 Qxd5 16. Qa4 Qd7 17. Bb5 Nc6 18. Rfd1 Qc7 19. Bd6 Qg7 20. Bf4 Re4 21. Bc4+ Be6 22. Bxe6+ Rxe6 23. Qc4 Rae8 24. Ng5 Bxg5 25. Bxg5 Qf7 26. Qb5 b6 27. Rbc1 Ne5 28. f4 a6 29. Qxa6 b5 30. Qxb5 Qa7+ 31. Kh1 Nf7 32. a4 Nxg5 33. fxg5 Qf2 34. Qd5 Qh4 35. Re1 Qf4 36. Rc6 1-0

[Event "ESP-ch U16"]
[Site "Salobrena"]
[Date "2021.07.23"]
[Round "7"]
[White "Gomez Pastrana, Juan"]
[Black "Creixans Comerma, Pol"]
[Result "0-1"]
[WhiteElo "1705"]
[BlackElo "1927"]
[PlyCount "90"]
[EventDate "2021.07.19"]
[EventType "swiss"]
[EventRounds "9"]
[EventCountry "ESP"]
[SourceTitle "EXT 2022"]
[Source "ChessBase"]
[SourceDate "2021.10.06"]
[SourceVersion "1"]
[SourceVersionDate "2021.10.06"]
[SourceQuality "1"]

1. e4 c5 2. Nc3 Nc6 3. g3 g6 4. Bg2 Bg7 5. d3 d6 6. Be3 Nh6 7. h3 f5 8. Qd2 Nf7 9. Nge2 0-0 10. d4 cxd4 11. Nxd4 Nfe5 12. Nxc6 bxc6 13. exf5 Nc4 14. Bd5+ cxd5 15. Qxd5+ Kh8 16. Qxa8 Nxe3 17. fxe3 Qb6 18. Nd5 Qc5 19. 0-0 Ba6 20. b4 Qb5 21. Qxa7 Bxa1 22. Rxa1 Qxd5 23. Qxa6 Qe5 24. Rf1 Qxg3+ 25. Kh1 Qxh3+ 26. Kg1 Qxe3+ 27. Kh1 Qe4+ 28. Kg1 gxf5 29. Rf2 Rg8+ 30. Kf1 Qxb4 31. Qd3 Qe4 32. Qc3+ e5 33. Qc7 Qh1+ 34. Ke2 Qe4+ 35. Kf1 d5 36. Qe7 Qc4+ 37. Re2 Qf4+ 38. Rf2 Qc1+ 39. Ke2 Qxc2+ 40. Ke1 Rg1+ 41. Rf1 Qc1+ 42. Kf2 Qxf1+ 43. Ke3 Rg3+ 44. Kd2 Qf2+ 45. Kd1 Rg1# 0-1

[Event "ESP-ch U16"]
[Site "Salobrena"]
[Date "2021.07.21"]
[Round "5"]
[White "Martinez Iglesias, Pablo"]
[Black "Creixans Comerma, Pol"]
[Result "1-0"]
[WhiteElo "1597"]
[BlackElo "1927"]
[PlyCount "85"]
[EventDate "2021.07.19"]
[EventType "swiss"]
[EventRounds "9"]
[EventCountry "ESP"]
[SourceTitle "EXT 2022"]
[Source "ChessBase"]
[SourceDate "2021.10.06"]
[SourceVersion "1"]
[SourceVersionDate "2021.10.06"]
[SourceQuality "1"]

1. d4 Nf6 2. c4 c5 3. e3 g6 4. Nf3 Bg7 5. Nc3 0-0 6. Be2 cxd4 7. exd4 d5 8. 0-0 Nc6 9. b3 b6 10. Bb2 Bb7 11. Re1 Rc8 12. Rc1 Bh6 13. Rb1 Na5 14. Ne5 dxc4 15. Nxc4 Nxc4 16. Bxc4 a6 17. Be2 Ne4 18. Nxe4 Bxe4 19. Bd3 Bxd3 20. Qxd3 e6 21. a3 b5 22. Bc3 Bg7 23. Rbd1 Qd5 24. Bb2 Rc6 25. Qe4 Qxe4 26. Rxe4 Rc2 27. Rb1 Rfc8 28. g3 Rd2 29. Rf4 Rcc2 30. Ba1 g5 31. Rf3 g4 32. Rf4 f5 33. d5 Rxd5 34. Bxg7 Kxg7 35. a4 Kf6 36. axb5 axb5 37. Rb4 h5 38. Re1 Ke7 39. Rf4 Rb2 40. Rb4 Kd6 41. Kg2 e5 42. Rc1 e4 43. Kg1 1-0

[Event "Sant Andreu U14"]
[Site "Barcelona"]
[Date "2019.11.16"]
[Round "8"]
[White "Creixans Comerma, Pol"]
[Black "Roca Planas, Edgar"]
[Result "0-1"]
[WhiteElo "1796"]
[BlackElo "1881"]
[PlyCount "38"]
[EventDate "2019.09.14"]
[EventType "tourn"]
[EventRounds "9"]
[EventCountry "ESP"]
[SourceTitle "CBM 195 Extra"]
[Source "ChessBase"]
[SourceDate "2020.05.31"]
[SourceVersion "1"]
[SourceVersionDate "2020.05.31"]
[SourceQuality "1"]

1. Nf3 Nf6 2. b3 d5 3. Bb2 c5 4. e3 Nc6 5. Bb5 Bg4 6. h3 Bxf3 7. Qxf3 a6 8. Be2 e5 9. Qg3 Bd6 10. f4 Qe7 11. 0-0 0-0 12. fxe5 Bxe5 13. Bxe5 Nxe5 14. Rf5 Ng6 15. h4 Ne4 16. Qh2 Qe6 17. g4 Nd6 18. Rf2 b5 19. Qg3 Ne4 0-1

[Event "Foment Martinenc op-A 21st"]
[Site "Barcelona"]
[Date "2019.05.11"]
[Round "3"]
[White "Creixans Comerma, Pol"]
[Black "Valero Lopez, Sergi"]
[Result "0-1"]
[WhiteElo "1659"]
[BlackElo "1825"]
[PlyCount "76"]
[EventDate "2019.04.27"]
[EventType "swiss"]
[EventRounds "9"]
[EventCountry "ESP"]
[SourceTitle "EXT 2020"]
[Source "ChessBase"]
[SourceDate "2019.10.17"]
[SourceVersion "1"]
[SourceVersionDate "2019.10.17"]
[SourceQuality "1"]

1. d4 Nf6 2. c4 g6 3. Nf3 Bg7 4. g3 0-0 5. Bg2 d6 6. 0-0 Nc6 7. Nc3 a6 8. e4 Bg4 9. h3 Bxf3 10. Bxf3 e5 11. d5 Nd4 12. Bg2 c5 13. dxc6 bxc6 14. c5 dxc5 15. Na4 Nd7 16. Qd3 Qa5 17. b3 Qb5 18. Rd1 Rfd8 19. Qb1 c4 20. Bf1 Nb6 21. Bg5 Nf3+ 22. Kg2 Nxg5 23. Nxb6 Qxb6 24. Bxc4 Rxd1 25. Qxd1 Rd8 26. Qg4 h6 27. h4 Nh7 28. Qxg6 Qc7 29. g4 Rd6 30. Bxf7+ Kh8 31. Qh5 Nf6 32. Qg6 Nxe4 33. Qh5 Nf6 34. Qxe5 Qd7 35. Re1 Qxg4+ 36. Kf1 Rd4 37. Be6 Qf4 38. Qc5 Ne4 0-1

[Event "Foment Martinenc op-A 21st"]
[Site "Barcelona"]
[Date "2019.05.04"]
[Round "2"]
[White "Pera Muntasell, Marc"]
[Black "Creixans Comerma, Pol"]
[Result "1-0"]
[WhiteElo "1887"]
[BlackElo "1659"]
[PlyCount "71"]
[EventDate "2019.04.27"]
[EventType "swiss"]
[EventRounds "9"]
[EventCountry "ESP"]
[SourceTitle "EXT 2020"]
[Source "ChessBase"]
[SourceDate "2019.10.17"]
[SourceVersion "1"]
[SourceVersionDate "2019.10.17"]
[SourceQuality "1"]

1. e4 c5 2. Nf3 Nc6 3. c4 e5 4. Nc3 g6 5. Be2 Bg7 6. 0-0 Nge7 7. d3 0-0 8. Rb1 d6 9. a3 a5 10. Bd2 f5 11. Nd5 f4 12. b4 axb4 13. axb4 cxb4 14. Bxb4 Nxb4 15. Rxb4 Nxd5 16. exd5 g5 17. Nd2 Ra2 18. Ne4 Rxe2 19. Qxe2 f3 20. Qe3 Rf4 21. g3 Qd7 22. Kh1 Qh3 23. Rg1 Rf5 24. g4 Rf4 25. Nxg5 Qh6 26. Nxf3 Bxg4 27. Nd2 Qh5 28. Rxb7 Bh6 29. Qg3 Bg5 30. f3 Bh4 31. Qg2 Qh6 32. Rf1 Qg5 33. fxg4 Rxg4 34. Qf3 Rf4 35. Rg1 Rxf3 36. Nxf3 1-0

[Event "Barcelona La Lira op 12th"]
[Site "Barcelona"]
[Date "2019.04.25"]
[Round "3"]
[White "Creixans Comerma, Pol"]
[Black "Costa Trave, Jaume"]
[Result "1-0"]
[WhiteElo "1659"]
[BlackElo "1928"]
[PlyCount "99"]
[EventDate "2019.04.04"]
[EventType "swiss"]
[EventRounds "9"]
[EventCountry "ESP"]
[SourceTitle "CBM 190 Extra"]
[Source "ChessBase"]
[SourceDate "2019.07.15"]
[SourceVersion "1"]
[SourceVersionDate "2019.07.15"]
[SourceQuality "1"]

1. d4 d5 2. c4 e5 3. dxe5 d4 4. a3 Nc6 5. Nf3 Be6 6. b3 Nge7 7. Bb2 Nf5 8. g4 Nh4 9. Nxd4 Nxd4 10. Qxd4 Qxd4 11. Bxd4 0-0-0 12. Bb2 Bxg4 13. Nc3 Be6 14. Rg1 Nf5 15. e3 Be7 16. Bg2 Bh4 17. Ke2 Bxf2 18. Rgf1 Bh4 19. Nb5 Bg5 20. Nd4 Nxe3 21. Nxe6 fxe6 22. Rg1 h6 23. Bh3 Rhe8 24. Rxg5 hxg5 25. Kxe3 Kd7 26. Bg4 Ke7 27. Bc3 b6 28. a4 Rf8 29. a5 Rf4 30. h3 Rdf8 31. axb6 axb6 32. Bb4+ c5 33. Ra7+ Ke8 34. Bc3 R8f7 35. Ra8+ Kd7 36. Ra7+ Kc6 37. Rxf7 Rxf7 38. Bxe6 Rf1 39. Bd5+ Kd7 40. e6+ Ke7 41. Bxg7 Rb1 42. Bh6 Rxb3+ 43. Ke4 Rg3 44. Kf5 Rxh3 45. Bxg5+ Kd6 46. e7 Rh8 47. Bf7 Kd7 48. e8Q+ Rxe8 49. Bxe8+ Kxe8 50. Ke6 1-0

[Event "La Pobla de Lillet op-B 28th"]
[Site "La Pobla de Lillet"]
[Date "2018.08.04"]
[Round "4"]
[White "Creixans Comerma, Pol"]
[Black "Vegara Gallego, Pere"]
[Result "1/2-1/2"]
[WhiteElo "1630"]
[BlackElo "1625"]
[PlyCount "46"]
[EventDate "2018.08.01"]
[EventType "swiss"]
[EventRounds "9"]
[EventCountry "ESP"]
[SourceTitle "CBM 185 Extra"]
[Source "ChessBase"]
[SourceDate "2018.07.29"]
[SourceVersion "1"]
[SourceVersionDate "2018.07.29"]
[SourceQuality "1"]

1. c4 e5 2. Nc3 Nf6 3. g3 d6 4. Bg2 Nc6 5. e4 Be7 6. Nge2 Bg4 7. h3 Bd7 8. d3 h6 9. 0-0 a6 10. Be3 0-0 11. f4 exf4 12. gxf4 Nh7 13. f5 Bg5 14. Bxg5 Qxg5 15. Nd5 Rac8 16. Rf3 Kh8 17. Rg3 Qd8 18. Nef4 Rg8 19. Qh5 Be8 20. Kh2 Ne5 21. Rg1 c6 22. Bh1 cxd5 23. exd5 Qf6 1/2-1/2

[Event "Foment Martinenc op-B 20th"]
[Site "Barcelona"]
[Date "2018.06.16"]
[Round "9"]
[White "Creixans Comerma, Pol"]
[Black "Alvarez Albiol, Daniel"]
[Result "1-0"]
[WhiteElo "1476"]
[BlackElo "1681"]
[PlyCount "81"]
[EventDate "2018.04.21"]
[EventType "swiss"]
[EventRounds "9"]
[EventCountry "ESP"]
[SourceTitle "CBM 184 Extra"]
[Source "ChessBase"]
[SourceDate "2018.06.28"]
[SourceVersion "1"]
[SourceVersionDate "2018.06.28"]
[SourceQuality "1"]

1. c4 e5 2. Nc3 Bb4 3. g3 Bxc3 4. bxc3 Nf6 5. Bg2 Nc6 6. Ba3 d6 7. Nf3 Be6 8. d3 h6 9. 0-0 0-0 10. Rb1 Rb8 11. Rb2 Qd7 12. Qb1 Nd8 13. Nd2 c6 14. Nf3 Re8 15. c5 Bh3 16. cxd6 Bxg2 17. Kxg2 b6 18. d4 exd4 19. Nxd4 c5 20. Nb5 Ne4 21. Qd3 Ng5 22. Nc7 Re5 23. h4 Nge6 24. Nxe6 Rxe6 25. Bxc5 Qc6+ 26. e4 Qxc5 27. Rd1 Rb7 28. d7 Rc7 29. Rb3 Kf8 30. f4 Qc6 31. c4 Qxe4+ 32. Qxe4 Rxe4 33. Rc3 Rexc4 34. Re3 f6 35. Re8+ Kf7 36. Rxd8 Rc2+ 37. Kh3 f5 38. Ra8 g5 39. fxg5 Rxa2 40. d8Q Rcc2 41. Qf6# 1-0

[Event "Foment Martinenc op-B 20th"]
[Site "Barcelona"]
[Date "2018.06.09"]
[Round "8"]
[White "Esteban Bruguera, German"]
[Black "Creixans Comerma, Pol"]
[Result "1-0"]
[WhiteElo "1752"]
[BlackElo "1476"]
[PlyCount "141"]
[EventDate "2018.04.21"]
[EventType "swiss"]
[EventRounds "9"]
[EventCountry "ESP"]
[SourceTitle "CBM 184 Extra"]
[Source "ChessBase"]
[SourceDate "2018.06.28"]
[SourceVersion "1"]
[SourceVersionDate "2018.06.28"]
[SourceQuality "1"]

1. e4 c5 2. Nf3 d6 3. d3 Nf6 4. g3 g6 5. Bg2 Bg7 6. 0-0 0-0 7. Nbd2 Nc6 8. c3 d5 9. Re1 e5 10. a3 h6 11. Rb1 dxe4 12. dxe4 Be6 13. Qe2 Qe7 14. b4 cxb4 15. axb4 Rfc8 16. Bb2 Ne8 17. Ra1 Nd6 18. b5 Nb8 19. Bf1 Nd7 20. Rec1 Nc4 21. Nxc4 Bxc4 22. Qe3 Nb6 23. Ba3 Qe8 24. Rcb1 Bxf1 25. Kxf1 Nc4 26. Qc1 Nxa3 27. Rxa3 Rc5 28. Rab3 Qd7 29. Qe3 Rac8 30. Nd2 h5 31. Nf3 Bf8 32. Kg2 Rd8 33. h4 Qd3 34. Qxd3 Rxd3 35. Ra1 f6 36. Rxa7 Rcxc3 37. Rxc3 Rxc3 38. Rxb7 Bc5 39. Ne1 Rb3 40. Rb8+ Kf7 41. Rb7+ Kg8 42. Rd7 Rxb5 43. Rd5 Ra5 44. Nd3 Bb6 45. Rd6 Bd4 46. Rxf6 Kg7 47. Re6 Kf7 48. Rc6 Ra3 49. Nb4 Rb3 50. Nc2 Bb2 51. Ne3 Bd4 52. Nc4 Rc3 53. Nd6+ Ke7 54. Rxc3 Bxc3 55. Nc4 Ke6 56. Ne3 Bd2 57. Kf3 Bc3 58. Ke2 Bd4 59. f4 Ba7 60. Nc4 exf4 61. gxf4 Bc5 62. Ne5 Bd6 63. Nxg6 Kf7 64. f5 Kf6 65. Kf3 Bb8 66. Nf4 Be5 67. Nxh5+ Kf7 68. Kg4 Bb2 69. Nf4 Kf6 70. h5 Ke5 71. Nd3+ 1-0

[Event "Barcelona La Lira op 36th"]
[Site "Barcelona"]
[Date "2018.02.02"]
[Round "3.11"]
[White "Ramos Alvarez, Maximo"]
[Black "Creixans Comerma, Pol"]
[Result "1-0"]
[WhiteElo "1864"]
[BlackElo "1470"]
[PlyCount "116"]
[EventDate "2018.01.19"]
[EventType "swiss"]
[EventRounds "8"]
[EventCountry "ESP"]
[SourceTitle "EXT 2024"]
[Source "ChessBase"]
[SourceDate "2023.10.10"]
[SourceVersion "1"]
[SourceVersionDate "2023.10.10"]
[SourceQuality "1"]

1. d4 Nf6 2. Bg5 Nc6 3. Bxf6 exf6 4. e3 Be7 5. Bd3 0-0 6. c3 Re8 7. Bc2 Bf8 8. Qd3 g6 9. h4 d5 10. Qe2 f5 11. g3 Na5 12. Nd2 c5 13. dxc5 Nc6 14. Nb3 Be6 15. Nf3 Rc8 16. h5 Bg7 17. hxg6 fxg6 18. 0-0-0 a5 19. a4 Qf6 20. Qb5 Re7 21. Nfd4 Nxd4 22. cxd4 Rc6 23. Nxa5 Rc8 24. Kb1 Rec7 25. Bb3 Rxc5 26. Qb6 f4 27. e4 f3 28. Rd2 Rxa5 29. Qxa5 dxe4 30. Bxe6+ Qxe6 31. Re1 Bh6 32. Rdd1 Qb3 33. Qb5 Qc2+ 34. Ka1 e3 35. fxe3 f2 36. Rf1 Bxe3 37. Qd5+ Kf8 38. Qd6+ Kg8 39. Qe6+ Kh8 40. Qxe3 Qxa4+ 41. Qa3 Qc2 42. d5 Qe2 43. Qb4 Ra8+ 44. Kb1 Rc8 45. Qd4+ Kg8 46. Rxf2 Qa6 47. Rf3 Qb5 48. d6 Qc6 49. Qd5+ Qxd5 50. Rxd5 Kg7 51. Rb3 Kf6 52. Rxb7 Ke6 53. Rd1 h5 54. Re7+ Kf6 55. d7 Rd8 56. Re8 Rxd7 57. Rxd7 Kf5 58. Rf7+ Kg4 1-0